[Event "Romanian Team Rapid Open 2022"]
[Site "Sebes"]
[Date "2022.12.03"]
[Round "4.11"]
[White "Tampea, Radu"]
[Black "Dragomirescu, Calin"]
[Result "1-0"]
[WhiteElo "2110"]
[BlackElo "1971"]
[Annotator "TA"]
[PlyCount "133"]
[EventDate "2022.12.03"]
[EventType "rapid"]
[EventCountry "ROU"]
[SourceTitle "playchess.com"]
[Source "ChessBase"]
[SourceQuality "1"]

{[%evp 9,133,-11,0,0,0,-7,0,-6,3,0,18,4,16,20,22,0,9,0,0,0,15,11,13,3,17,0,29,26,46,47,53,46,42,52,43,56,90,75,74,52,138,80,90,61,77,49,118,41,110,108,131,125,216,203,275,217,189,137,124,89,89,89,89,89,89,87,103,103,98,80,1131,1110,1068,1051,1000,992,887,885,721,29,29,22,39,22,22,22,90,25,77,64,962,939,791,683,377,6,249,238,29965,29959,29959,5068,29963,29966,29963,29965,29966,29965,29965,29966,29965,5077,5061,791,743,717,664,664,520,256,29962,29971,29972,29973,29982,29966]} 1. d4 Nf6 2. Bf4 g6 3. Nc3 d5 4. Nb5 Na6 5. e3 c6 6. Nc3 {A45: Trompowsky Attack.} Nc7 7. h3 Bg7 8. Nf3 {The position is equal.} O-O {[%cal Oc6c5] [#]} 9. Be5 $146 ({Predecessor:} 9. Bd3 c5 10. O-O b6 11. a4 Bb7 12. Be5 Ne4 13. Ne2 Ne6 14. c3 a6 15. Bxg7 Kxg7 {0-1 (83) Erigaisi,A (2718)-Sethuraman,S (2643) Kolkata 2022}) 9... Bf5 10. Bd3 {Black should prevent Bxf5.} Ne4 11. Bxg7 Kxg7 12. Bxe4 Bxe4 13. Nxe4 dxe4 14. Nd2 f5 15. O-O Nd5 16. a3 Nf6 17. c4 Nd7 18. Qb3 Qb6 19. Qc3 Nf6 20. b4 {[%cal Bb2b4,Bb4b5][%mdl 32]} Qc7 21. a4 Rae8 22. Nb3 b6 23. b5 e6 24. Qb4 f4 {[#]} (24... g5 $14) 25. exf4 (25. bxc6 $142 $1 Qxc6 26. a5 (26. exf4 Nh5 $16)) 25... Qxf4 $16 26. Rae1 (26. bxc6 {with more complications.} Rc8 27. a5 Rxc6 28. Ra2) 26... cxb5 27. axb5 g5 ({Black should play} 27... Rf7 $14) 28. Qd2 (28. Re3 $16) 28... Qh4 (28... Qxd2 $14 29. Nxd2 Rc8) 29. Qe3 Kh8 30. Nd2 Rg8 (30... g4 $16 31. Qf4 (31. Nxe4 gxh3 32. g3 h2+ 33. Kh1 Qxe4+ 34. Qxe4 Nxe4 $16) 31... Qh5) 31. Nxe4 g4 32. Nxf6 Qxf6 33. Re2 (33. hxg4 $18 {Black must now prevent f3.} Rxg4 34. f4) 33... gxh3 34. Qxh3 Qxd4 35. Rxe6 $40 {[%mdl 128] White wants a kill.} Qxc4 36. Rxe8 Rxe8 {[%mdl 4096] Endgame KQR-KQR} 37. Qd7 {[%csl LRa7,LRe8]} Rg8 38. Re1 (38. Qxa7 $6 Rxg2+ 39. Kxg2 Qg4+ 40. Kh2 Qf4+ 41. Kh3 Qf3+ 42. Kh4 (42. Kh2 Qf4+ 43. Kg2 Qg4+ 44. Kh1 Qh5+ 45. Kg2 Qg4+ $11) 42... Qf4+ 43. Kh5 (43. Kh3 Qf3+ 44. Kh4 Qf4+ 45. Kh5 Qf5+ 46. Kh4 Qf4+ $11) 43... Qf5+ 44. Kh4 Qf4+ 45. Kh5 (45. Kh3 Qf3+ 46. Kh4 Qf4+ $11) 45... Qf5+ 46. Kh4 Qf4+ $11) 38... Qg4 {[%csl Gg8][%cal Rg4g2]} 39. Qd5 {Threatens to win with Re7. White is more active.} (39. Qxa7 $2 Qxg2#) 39... h6 $2 {[%mdl 8192]} (39... Qg5 $16 40. Qc6 Rf8) 40. Re6 $18 Qg5 41. Qd4+ (41. Qc6 Rd8 42. Qc3+ (42. Rxh6+ Kg7 $16) 42... Kg8 $16) 41... Kh7 42. Qe4+ Kh8 43. g3 Rd8 44. Re8+ $2 (44. Qc6 Rd1+ 45. Kg2 Qd5+ 46. Qxd5 Rxd5 $16) ({Only move:} 44. Re5 $18 Qd2 45. Qg6 (45. Re7 Qd1+ 46. Kh2 Qh5+ 47. Kg2 Qd5 $14)) 44... Rxe8 $11 45. Qxe8+ {KQ-KQ} Kg7 46. Qd7+ Kf8 47. Kg2 Kg8 (47... Qe5 $11 {remains equal.}) 48. Qc6 ({Reject} 48. Qxa7 Qd5+ 49. f3 Qxb5 $11) ({Better is} 48. f4 $16 Qf6 49. Kh3 (49. Qxa7 Qb2+ 50. Kg1 Qd4+ 51. Kh1 Qe4+ 52. Kh2 Qe2+ 53. Kh3 Qh5+ 54. Kg2 Qe2+ 55. Kh1 Qf3+ 56. Kh2 Qe2+ 57. Kh3 Qh5+ 58. Kg2 Qe2+ 59. Kh1 Qf3+ 60. Kh2 Qe2+ $11)) 48... Qg7 (48... Kg7 $11) 49. f4 Kh7 $2 {[%mdl 8192]} (49... Qf7 $14) 50. Qe4+ $18 Kg8 51. Qd5+ Kh7 52. f5 $2 (52. Qf5+ $18 Kh8 53. g4 Qb7+ 54. Kf2) 52... Qb2+ $2 {[#]} (52... h5 $11 {and Black has nothing to worry.}) 53. Kh3 $1 Qf2 $2 (53... Qf6 $18 54. Qb7+ Kh8) 54. Qf7+ Kh8 55. Qf6+ ({Inferior is} 55. Qxa7 Qxf5+ 56. Kg2 Qd5+ 57. Kf2 Qxb5 $11) 55... Kh7 56. Qg6+ Kh8 57. Qxh6+ Kg8 58. Qg6+ Kf8 59. Qd6+ Kf7 60. Qd5+ (60. Qe6+ $142 Kf8 61. f6 Qf1+ 62. Kh4 Qh1+ 63. Kg5 Qc1+ 64. Kh5 Qc5+ 65. Kh4) 60... Kf8 61. g4 (61. Qd8+ $142 Kf7 62. Qd7+ Kf8 63. Qd6+ (63. Qxa7 Qxf5+ 64. Kh4 Qe4+ 65. g4 Qe1+ 66. Kg5 Qe5+ 67. Kh4 Qh8+ 68. Kg3 Qc3+ 69. Kh4 Qh8+ 70. Kg3 Qc3+ 71. Kh4 Qh8+ $11) 63... Kg8 64. Qg6+ Kf8 65. Qh6+ Kg8 66. Qe6+ Kf8 67. Kg4) 61... Qe3+ 62. Kh4 {White wants to mate with Kh5.} Qh6+ 63. Kg3 {Threatening mate with Qd8+.} Qe3+ 64. Qf3 Qg1+ $2 (64... Qe5+ $18 65. Qf4 Qxb5 66. Qh6+ Kg8) 65. Kh4 {White mates.} Qe1+ 66. Kg5 Qd2+ 67. Qf4 {Weighted Error Value: White=0.36/Black=0.64} 1-0

[Event "Romanian Team Rapid Open 2022"]
[Site "Sebes"]
[Date "2022.12.03"]
[Round "4.12"]
[White "Santimbrean, Mihnea-Nicolae"]
[Black "Negrean, Andrei"]
[Result "1-0"]
[WhiteElo "1491"]
[BlackElo "1991"]
[Annotator "TA"]
[PlyCount "81"]
[EventDate "2022.12.03"]
[EventType "rapid"]
[EventCountry "ROU"]
[SourceTitle "playchess.com"]
[Source "ChessBase"]
[SourceQuality "1"]

{[%evp 9,80,-16,-14,-44,-33,-28,-29,-56,-49,-54,-43,-52,-47,-52,-48,-52,-24,-31,-8,-10,0,0,0,-11,-4,-17,-19,-25,-25,-31,-22,-22,-13,-34,-39,-56,-58,-81,-59,-112,-111,-111,-112,-183,-191,-183,-189,-187,-175,-214,-160,-134,-160,-177,-12,-18,0,0,245,230,473,467,5297,-6,5052,4727,29987,29988,29989,29990,29990,29991,29999]} 1. e4 c5 2. f4 d5 3. exd5 Nf6 4. Nc3 Nxd5 5. Nxd5 Qxd5 6. d3 {B21: Sicilian: 2 f4 and Morra Gambit.} Nc6 {[%cal Bb8c6,Bc6d4,Bd4f3][%mdl 32]} 7. Nf3 g6 8. Be2 {Black has an edge.} Bg7 9. O-O O-O 10. Nd2 Nd4 11. Bf3 Nxf3+ 12. Qxf3 {[#]} Qxf3 $146 ({Predecessor:} 12... Be6 13. Qxd5 Bxd5 14. Ne4 Rac8 15. Ng3 f5 16. c3 b5 17. a3 Rfd8 18. Be3 Bb3 {0-1 (31) Classen,A (1634)-Seyb,A (1960) Nuremberg 2005}) 13. Nxf3 {[%cal Bd2f3,Bf3e5,Be5g4,Bg4f2,Bf2e4][%mdl 32]} b6 14. Re1 e6 15. Ne5 Bb7 16. Rb1 Rfd8 17. b3 b5 18. Bb2 f6 19. Ng4 {[%csl LRe6,LRf6]} Kf7 20. Nf2 Rac8 21. Ne4 Ba8 22. Ba3 Bf8 23. Bb2 Be7 24. Re2 (24. Bc3 $1 $15) 24... c4 $17 25. dxc4 bxc4 26. Rbe1 (26. Nf2 $17) 26... cxb3 $19 27. cxb3 Bxe4 28. Rxe4 Rd2 29. Bc1 Rdc2 30. Be3 (30. Rxe6 $2 Bb4 $19) 30... Rxa2 31. Bd4 Rcc2 $2 ({Black should play} 31... Rd8 $19 32. Be3 (32. Rxe6 $2 {too greedy.} Bb4 $19) 32... a5) 32. Rxe6 $11 Rxg2+ (32... Rc7 {simplifies} 33. R1e2 Rxe2 34. Rxe2 Rd7) 33. Kf1 Bd8 {[#]} (33... Bf8 $11 {and Black is okay.}) 34. Rd6 $1 $18 {[%mdl 64] Threatening mate with Rd7+. Deflection} ({But not} 34. Re8 $6 Rg4 35. Rxd8 Rxf4+ 36. Kg1 g5 37. Rd7+ Kg6) 34... Bb6 $2 (34... g5 35. Rxd8 Kg6 36. Rg8+ Kf7) 35. Rxf6+ (35. Bxf6 $2 Rg1#) 35... Kg8 (35... Kg7 $142 36. Rxb6+ Kh6) 36. Re8+ ({Weaker is} 36. Bxb6 axb6 37. Re8+ Kg7 38. Rxb6 Rxh2 39. Rb7+ Kh6 $17) 36... Kg7 {Loses the game.} 37. Rxb6+ Kf7 38. Rbe6 {[%csl Ge8][%cal Re6e7] White mates.} g5 39. f5 {[%csl Ge8][%cal Re6e7]} Rge2 40. Rxe2 {[%csl Ge8][%cal Re2e7]} Ra5 41. R2e7# {Weighted Error Value: White=0.11 (very precise) /Black=0.53} 1-0

[Event "Romanian Team Rapid Open 2022"]
[Site "Sebes"]
[Date "2022.12.03"]
[Round "4.13"]
[White "Soltanici, Ruslan"]
[Black "Illes, Sandor-Ferenc"]
[Result "1-0"]
[WhiteElo "2357"]
[BlackElo "1876"]
[Annotator "TA"]
[PlyCount "55"]
[EventDate "2022.12.03"]
[EventType "rapid"]
[EventCountry "ROU"]
[SourceTitle "playchess.com"]
[Source "ChessBase"]
[SourceQuality "1"]

{[%evp 17,55,37,50,0,9,0,26,0,26,0,0,0,-29,-27,-18,-9,0,-16,-17,-26,-36,-39,-22,-21,-31,-122,68,110,85,29,708,697,1258,642,29982,29983,29983,29984,2882,1538]} 1. e4 e5 2. Nf3 Nc6 3. Bb5 a6 4. Ba4 Nf6 5. O-O Bc5 {[%cal Bf8c5,Bc5b6,Bb6a7][%mdl 32]} 6. c3 b5 7. Bb3 d6 8. a4 Rb8 9. d4 Bb6 10. a5 {C78: Ruy Lopez: Archangelsk and Möller Defences.} Ba7 (10... Nxa5 11. Rxa5 Bxa5 12. dxe5 $16) (10... Bxa5 $2 11. dxe5 (11. d5 Ne7 $18) 11... dxe5 12. Qxd8+ Kxd8 13. Bd5 (13. Bxf7 Bb6 $16) 13... Nxd5 14. exd5 $18) 11. h3 O-O 12. Re1 {White has an edge.} Bb7 13. Be3 (13. Bg5 $142) 13... exd4 $11 ({Don't play} 13... Nxe4 14. d5 $16) 14. cxd4 Nb4 (14... Nxe4 $2 15. d5 $18) 15. Bg5 h6 16. Bh4 Re8 {[%cal Oc7c5]} (16... Bxe4 17. Rxe4 g5 18. Rf4 $1 gxf4 19. Qd2 $18) 17. Nc3 {Black must now prevent e5.} c5 $1 {[#]} (17... Bxe4 $2 18. Nxe4 Rxe4 19. Rxe4 $18) (17... g5 18. Nxg5 hxg5 19. Bxg5 $18) 18. dxc5 $146 ({Predecessor:} 18. Nd5 Bxd5 19. Bxd5 g5 20. Nxg5 Nbxd5 21. exd5 hxg5 22. Bxg5 Rxe1+ 23. Qxe1 Kg7 24. Qc1 cxd4 {1-0 (45) Jakovenko,D (2720)-Inarkiev,E (2681) Odessa 2008}) 18... dxc5 {Strongly threatening ...c4.} 19. e5 {Prevents c4.} Nd3 20. exf6 Nxe1 21. Nxe1 (21. Bd5 $15 b4 22. Nxe1 (22. fxg7 Nxf3+ 23. Qxf3 Bxd5 $17)) 21... c4 $2 {[#]} (21... Qxd1 $17 22. Rxd1 c4) 22. Qg4 $1 $14 {[%csl Gf6][%cal Rg4g7]} g6 {aiming for ...Qd2.} 23. Bc2 ({White should play} 23. Rd1 $16 Qc8 24. Qf4 $1) 23... Kh7 $2 {[%mdl 8192] Black cannot hold the game after this.} (23... Qd2 $2 {[#]} 24. Bxg6 $1 Bxf2+ 25. Bxf2 $18) (23... Qd4 $11) 24. Rd1 $18 {Hoping for Bxg6+.} b4 25. Ne2 {Bxg6+ is the strong threat.} Qc7 {[#]} 26. Bxg6+ $1 {[%mdl 512]} Kh8 27. Bc2 {[%csl Gf6][%cal Rg4g7]} Rg8 28. Qh5 {Weighted Error Value: White=0.50/Black=0.56} 1-0

[Event "Romanian Team Rapid Open 2022"]
[Site "Sebes"]
[Date "2022.12.03"]
[Round "4.14"]
[White "Nagy-Elek, Tamas"]
[Black "Cosma, Ioan"]
[Result "0-1"]
[WhiteElo "1976"]
[BlackElo "2368"]
[Annotator "TA"]
[PlyCount "92"]
[EventDate "2022.12.03"]
[EventType "rapid"]
[EventCountry "ROU"]
[SourceTitle "playchess.com"]
[Source "ChessBase"]
[SourceQuality "1"]

{[%evp 9,92,4,25,-1,-10,-13,-7,-10,0,-28,0,-21,12,0,0,0,0,0,0,0,0,0,0,0,0,0,89,10,81,77,81,77,81,62,61,0,197,168,306,307,0,0,0,0,0,7,0,0,19,-146,-154,-149,-147,-166,-132,-193,-184,-179,-162,-162,-162,-190,-197,-700,-697,-671,-678,-625,-302,-874,-868,-1541,-1478,-1363,-1194,-6195,-1203,-29971,-29973,-29973,-6087,-29986,-29987,-29992,-29993]} 1. e4 c5 2. Nf3 Nc6 3. Bb5 g6 4. O-O Bg7 5. Bxc6 dxc6 6. c3 {B31: Sicilian: 2...Nc6 3 Bb5 g6.} Qd3 7. Re1 {[#]} Nf6 $146 {[%cal Oc8g4]} ({Predecessor:} 7... Bg4 8. Re3 Qd7 9. h3 Bh5 10. d3 Bh6 11. Re1 Bxc1 12. Qxc1 Bxf3 13. gxf3 Qxh3 {0-1 (21) Lauer,F (1078)-Gumentchuk,L (1554) LSS email 2015}) 8. Re3 {The position is equal.} Qd8 9. d4 O-O 10. h3 b6 11. Re1 cxd4 12. cxd4 c5 13. d5 e6 {[%cal Re6d5]} 14. Bg5 {Black must now prevent e5.} h6 {Inhibits e5.} (14... exd5 15. e5 $16) 15. Bxf6 Qxf6 16. e5 Qf4 17. Nc3 $36 {[%mdl 2048] White has good play.} Qb4 (17... g5 $11 {remains equal.}) 18. Qc2 ({White should try} 18. a3 $16 Qc4 19. Re4) 18... b5 (18... Bb7 $11) 19. d6 $16 {Threatens to win with a3.} Bb7 20. Ne4 c4 21. Re3 Qa5 22. Nf6+ (22. h4 $14) 22... Kh8 $2 (22... Bxf6 $11 23. exf6 Bxf3 24. Rxf3 Rad8) 23. Nh4 $1 $18 {[%cal Oc2g6] Intending Qxg6! and mate.} Qd8 {[#]} (23... Bxf6 $142 24. exf6 b4) 24. Nxg6+ $2 fxg6 $11 25. Qxg6 {[%csl Gf6][%cal Rg6h7]} Rxf6 (25... Bxf6 26. Qxh6+ Kg8 27. exf6 Rxf6 28. Rg3+ Kf7 29. Rg7+ Ke8 30. Qh5+ Kf8 31. Qh8#) 26. exf6 Qxf6 {Really sharp!} 27. Qxf6 Bxf6 28. Rxe6 Kg7 ({Resist} 28... Bxb2 29. Rd1 (29. Rb1 Bd5 $11) 29... Rd8 30. d7 $18) 29. Rd1 $2 {[#]} ({White must play} 29. Rae1 $11) 29... Kf7 $1 $17 {[%mdl 1024] Black has strong compensation.} 30. Re3 Rd8 (30... Bxb2 $2 31. Re7+ Kf6 32. Rxb7 $18) 31. Kf1 Rd7 (31... Bxb2 $2 32. Re7+ Kf6 33. Rxb7 $18) 32. Re2 (32. Rd2 $17) 32... b4 $19 {[%cal Bb5b4,Bb4c3,Bc3c2][%mdl 32] And now ...Ba6 would win.} 33. Kg1 c3 34. bxc3 bxc3 35. f3 Ba6 {This pair of bishops is nice.} 36. Re4 (36. Rc2) 36... c2 37. Rc1 Bd3 {[%cal Od7d6]} ({Inferior is} 37... Rxd6 38. Rxc2 Bd4+ 39. Kh1 $11) 38. Rb4 Rxd6 (38... a5 $142 39. Rf4 Rxd6) 39. Kf2 $2 (39. Rb7+ Kg6 40. Rc7) 39... Bd4+ 40. Rxd4 Rxd4 {[%mdl 4096] Endgame KRB-KR} 41. Ke3 Rd7 42. f4 h5 (42... Bf5 $142 43. Ke2 h5) 43. g3 Bf5 44. Ke2 a5 (44... Kf6 $142 45. Ke1 Rg7 46. Kf2 Be4 47. Ke3 Kf5 48. g4+ hxg4 49. hxg4+ Rxg4 50. Ke2 Rg3 51. Kd2 Ra3 52. Rxc2 Bxc2 53. Kxc2 Kxf4 54. Kd2 a5 55. Ke2 a4 56. Kd2 Ke4 57. Kc2 Kd4 58. Kb2 Rd3 59. a3 Rb3+ 60. Ka2 Ke4 61. Ka1 Kd3 62. Ka2 Kc2 63. Ka1 Rxa3#) 45. h4 Rd1 46. Rxd1 Bg4+ {[%mdl 64] Skewer, Deflection. Never resign too early!   Weighted Error Value: White=0.94/Black=0.65} 0-1

[Event "Romanian Team Rapid Open 2022"]
[Site "Sebes"]
[Date "2022.12.03"]
[Round "4.15"]
[White "Itkis, Boris"]
[Black "Duma, Ioan-Gheorghe"]
[Result "1-0"]
[WhiteElo "2343"]
[BlackElo "1782"]
[Annotator "TA"]
[PlyCount "123"]
[EventDate "2022.12.03"]
[EventType "rapid"]
[EventCountry "ROU"]
[SourceTitle "playchess.com"]
[Source "ChessBase"]
[SourceQuality "1"]

{[%evp 12,123,36,47,70,44,59,29,81,80,86,85,168,151,200,203,182,187,192,69,68,75,75,81,116,23,31,15,15,0,0,0,0,0,0,0,24,20,47,21,34,33,32,32,31,17,45,45,77,93,106,114,177,183,186,186,182,183,201,201,283,183,161,163,237,237,221,189,193,189,180,189,217,214,312,138,252,260,254,241,237,200,618,614,604,597,581,559,784,781,770,766,983,975,944,762,827,785,1058,1036,1003,993,918,879,1061,1012,29986,29987,29987,29988,29990,29991,29997,29998]} 1. d4 Nf6 2. c4 e6 3. Nf3 {[%cal Bg1f3,Bf3d4,Bd4b3][%mdl 32]} c5 4. g3 cxd4 5. Nxd4 Nc6 6. Nc3 a6 7. Bg2 Bc5 {A33: Symmetrical English: 2 Nf3 Nf6 3 d4 cxd4 4 Nxd4 e6 5 Nc3 Nc6.} 8. Nb3 Ba7 {[%cal Od7d5] [#]} 9. Bf4 $146 ({Predecessor:} 9. O-O d6 10. Bf4 Bb8 11. Qd2 Ne5 12. Rfd1 Nxc4 13. Qd4 d5 14. Bxb8 Rxb8 15. e4 {½-½ (48) Froewis,G (2449)-Bernasek,J (2507) Austria 2017}) 9... O-O (9... e5 $11 10. Bd2 h6) 10. Bd6 $16 Re8 11. O-O Ne7 (11... b6 $16) 12. e4 $18 {[%cal Be2e4,Be4e5][%mdl 32]} h6 (12... Rf8 $16 13. Qd2 Ne8) 13. e5 Nh7 14. Nc5 Nc6 15. Qd2 (15. f4 $18) 15... Bxc5 $14 16. Bxc5 {f4 is the strong threat.} Nxe5 17. b3 Nf6 {[%cal Od7d5]} 18. Na4 {White has more active pieces. The black rooks are badly placed.} ({Better is} 18. Bd6 $16 Nc6 19. b4) 18... d5 $11 19. Nb6 Rb8 20. cxd5 exd5 21. Nxd5 Nxd5 22. Qxd5 Qxd5 23. Bxd5 Be6 24. Bg2 $36 {[%mdl 2048] Black is under pressure. A strong pair of Bishops.} Nd3 25. Bb6 (25. Ba7 $5 {[%cal Ra7b8]} Ra8 26. Be3 $14) 25... Nb4 26. Rfd1 Bf5 27. Rd2 Re6 28. Ba7 (28. Ba5 $5 {[%cal Ra5b4]} Nc6 29. Bb6 $14) 28... Ra8 29. Bc5 (29. Bxb7 $2 Rxa7 30. Bc8 Rf6 $19) 29... Nd3 30. Be3 {Black is now going downhill.} (30. Bxb7 $6 Rb8 31. Bd5 (31. g4 Bh7 $11) 31... Nxc5 $11) 30... Rb8 31. Rad1 Ne5 (31... Nb4 $16 {might work better.}) 32. Rd8+ $1 $18 Re8 33. Rxe8+ Rxe8 34. Bxb7 Ng4 35. Bd4 Re2 (35... Ne5 {was worth a try.} 36. Bc3 (36. Bxa6 Bc2 $15) 36... Re7 37. Bxa6 Nf3+ 38. Kh1 Re8) 36. Bxa6 Rxa2 37. Bc4 Be6 (37... Nf6 {keeps fighting.} 38. b4 Ra4) 38. Bxe6 fxe6 {[%mdl 4096] Endgame KRB-KRN} 39. h3 Nf6 40. b4 {[%cal Bb3b4,Bb4b5,Bb5b6,Bb6b7][%mdl 32] Prevents Ra5.} Nd5 41. Rb1 {Black must now prevent b5.} ({Don't do} 41. b5 Ra4 $16) 41... Rd2 {Against b5} 42. Be5 {Strongly threatening b5.} Re2 {[#] Inhibits b5.} (42... Nb6 $142 43. b5 Rd7) 43. Ba1 (43. f4 $1 $18) 43... Re4 (43... Nxb4 $16 44. Bxg7 (44. Rxb4 Re1+ 45. Kg2 Rxa1 $14) 44... Kxg7) 44. b5 Nb6 45. Bc3 {And now Bd2 would win.} Ra4 46. Bd2 {aiming for Be3.} Nc4 {[#]} (46... Ra7 47. Be3 Rb7) 47. b6 $1 {White threatens b7 and mate.} Ra8 48. b7 Rb8 {[#]} 49. Rc1 $1 Nd6 (49... Rxb7 50. Rxc4) 50. Bf4 Rxb7 51. Bxd6 {KRB-KR} Rd7 52. Be5 Rd5 53. Rc8+ Kh7 54. f4 g5 55. Kf2 Kg6 56. Ke3 gxf4+ 57. Kxf4 Rb5 58. Rg8+ Kh5 59. Bd6 {White mates.} Rf5+ 60. Ke4 Re5+ {[#]} 61. Kf3 $1 Re3+ 62. Kxe3 {Weighted Error Value: White=0.18 (very precise) /Black=0.34} 1-0

[Event "Romanian Team Rapid Open 2022"]
[Site "Sebes"]
[Date "2022.12.03"]
[Round "4.16"]
[White "Chiheri, Alexandru-Virgil"]
[Black "Bulau, Andrei-Cristian"]
[Result "0-1"]
[WhiteElo "1937"]
[BlackElo "2154"]
[Annotator "TA"]
[PlyCount "58"]
[EventDate "2022.12.03"]
[EventType "rapid"]
[EventCountry "ROU"]
[SourceTitle "playchess.com"]
[Source "ChessBase"]
[SourceQuality "1"]

{[%evp 28,58,32,23,74,7,4,3,15,-8,-7,-6,2,0,33,0,0,0,-2,-5,-7,-11,0,0,20,-354,-346,-427,-438,-833,-811,-29990,-29991]} 1. e4 c5 2. Nf3 Nc6 3. d4 cxd4 4. Nxd4 Nf6 5. Nc3 e5 6. Ndb5 d6 7. Bg5 a6 8. Na3 b5 9. Nd5 Be7 10. Bxf6 Bxf6 11. c3 Ne7 12. Nxf6+ gxf6 13. Qf3 f5 14. exf5 Bxf5 15. Bd3 (15. Rd1 {is interesting.} O-O 16. Bd3 Be6 17. O-O) 15... Bg6 {[#] B33: Sicilian: Pelikan and Sveshnikov Variations.} (15... Be6 $11) 16. Be4 $146 (16. Bxg6 $16 hxg6 17. O-O-O) ({Predecessor:} 16. Rd1 f5 17. Bc2 Ra7 18. Bb3 Qb6 19. h4 Rd7 20. h5 Bf7 21. Bxf7+ Kxf7 22. h6 Rg8 23. Rh4 {0-1 (45) Steimar,M (1915)-Blodig,C (2019) Erbendorf 2009}) 16... d5 $11 17. Bxg6 hxg6 {The position is equal.} 18. Qf6 {[%csl LRe5,LRh8]} O-O 19. O-O {[%cal Oa1d1,Bh1f1,Bf1d1,Bd1d4][%mdl 32]} (19. Nc2 {simplifies} Nf5 20. Qxd8 Rfxd8 21. O-O-O) 19... e4 20. Rfd1 Qc7 21. Rd4 Rfd8 22. Rad1 Rd6 23. Qg5 Rad8 {With the idea ...Nf5.} 24. Nc2 Nf5 {[%cal Be7f5,Bf5d4,Bd4e2][%mdl 32] Prevents Ne3.} 25. R4d2 Kg7 {[%cal Ob5b4]} 26. Nb4 $2 {[%mdl 8192] [#] Loses the game.} (26. Ne3 $11 {and White stays safe.} Nxe3 27. Qxe3) 26... d4 $1 $19 27. cxd4 Nxd4 {[%cal Od4f3] White must now prevent ...Nf3+!} 28. Qe5+ (28. Nxa6 $142 Qc4 29. Rxd4 Rxd4 30. Rxd4 Qxd4 31. h4 Qd1+ 32. Kh2 Qd6+ 33. Kg1) 28... f6 29. Qf4 {[#]} Ne2+ $1 {[%mdl 512] Weighted Error Value: White=1.11/Black=0.08 (flawless)} 0-1

[Event "Romanian Team Rapid Open 2022"]
[Site "Sebes"]
[Date "2022.12.03"]
[Round "4.17"]
[White "Nastase, Robert-Paul"]
[Black "Zaim, Marian"]
[Result "1-0"]
[WhiteElo "2229"]
[BlackElo "1935"]
[Annotator "TA"]
[PlyCount "125"]
[EventDate "2022.12.03"]
[EventType "rapid"]
[EventCountry "ROU"]
[SourceTitle "playchess.com"]
[Source "ChessBase"]
[SourceQuality "1"]

{[%evp 11,125,15,41,12,26,-22,-27,-47,-48,-39,-42,-45,27,15,41,3,52,50,38,-26,18,-64,-52,-54,-46,-177,-173,-170,-173,-175,-127,-136,-123,-164,-84,-95,0,-59,-47,-59,16,0,50,0,0,0,-5,-16,-7,-11,9,0,0,0,18,0,7,1,12,6,36,0,0,0,0,0,0,0,88,80,101,81,260,260,253,270,277,228,253,261,239,190,1314,1302,1050,0,0,0,0,0,0,0,1145,58,1077,995,5492,5241,1680,1616,1652,1597,1659,1652,1616,1616,1558,1558,1536,1536,1472,1349,885,850,29990,29991]} 1. e4 c5 2. Nc3 Nc6 3. Nf3 e6 4. d4 cxd4 5. Nxd4 a6 6. Be3 Qc7 7. Qf3 {7.g4 is setting a new trend. B48: Sicilian: Taimanov: 5 Nc3 Qc7 6 Be3 a6 without Be2.} Nf6 {[%cal Of8a3]} 8. Qg3 (8. O-O-O $142) 8... Qxg3 $1 $11 9. hxg3 {Black has an edge.} Ng4 $1 {Inhibits f3.} 10. Nxc6 Nxe3 11. Nd4 Ng4 (11... Nxf1 $15 12. Rxf1 (12. Kxf1 b5 $11) 12... Be7) 12. Be2 Ne5 {[#]} 13. Na4 $146 ({Predecessor:} 13. f4 Nc6 14. O-O-O d6 15. Na4 Bd7 16. Nb6 Rd8 17. Nxd7 Kxd7 18. g4 Kc7 19. g5 {0-1 (71) Baules Rodriguez,J (2355)-Neiksans,A (2557) Chess.com INT 2020}) 13... Bb4+ (13... b5 $11 14. Nb6 Rb8 15. Nxc8 Rxc8) 14. c3 $14 Ba5 15. Rh5 {Prevents b5.} (15. f4 $14 b5 16. Nc5) 15... Bc7 16. O-O-O (16. f4 $11 Nc6 17. Nxc6 dxc6 18. e5) 16... b5 17. Nc5 d6 18. Bxb5+ axb5 $19 19. Nxb5 Bb8 20. Nxd6+ Bxd6 (20... Ke7 $19 21. Nxc8+ Rxc8) 21. Rxd6 $17 Ke7 22. Rb6 Nc4 ({Black should play} 22... Ng4 $1 $19 23. a4 Nxf2) 23. Rb4 Nd6 (23... g6 $17 24. Rh1 Ne5) 24. a4 (24. e5 $11 Ne8 25. Rhh4) 24... g6 (24... Ra5 $5 {[%cal Rg7g6]} 25. Rb8 Nxe4 $15) 25. Rh1 e5 (25... Ra5 $15 26. Nb3 Ra7) 26. f3 f5 ({Better is} 26... Ra5 $11 27. Nb3 Ra7) 27. Re1 (27. exf5 $1 $14 Nxf5 28. Rb6 (28. Re1 Ra5 $14)) 27... fxe4 $11 28. Nxe4 Nxe4 29. Rbxe4 Kf6 30. b3 Ra5 31. Kb2 Bf5 32. R4e3 Rd8 33. R1e2 {[%mdl 1024] White has compensation.} (33. g4 $5 {[%cal Rg4f5]} Rd2+ 34. Ka3 $14) 33... Rd1 34. c4 h5 35. Kc3 Rb1 36. Rd2 Ra6 37. Rd5 Rg1 38. Re2 Rc1+ 39. Kb4 Rc2 (39... Re6 $11 {remains equal.}) 40. Rdxe5 Rb6+ 41. Ka3 {[%cal Oe5f5]} Rc3 $2 (41... Bd3 $16 42. Rxc2 Kxe5) 42. Rb5 $18 Re6 43. Rxe6+ Bxe6 {[%mdl 4096] Endgame KRB-KR} 44. Kb2 Re3 45. a5 $1 {[%cal Ba4a5,Ba5a6][%mdl 32]} Re2+ 46. Ka3 {And now a6 would win.} Rxg2 $2 (46... Bd7 47. Rb6+ Ke7 48. Rxg6 Rxg2) 47. a6 Rg1 {[#]} 48. Kb2 $2 (48. Kb4 $1 $18) 48... Rg2+ $1 $11 49. Kb1 Rg1+ $1 50. Kb2 $2 {[%mdl 8192]} (50. Kc2 $11 Ra1 51. Rb6) 50... Rg2+ $1 $18 51. Ka3 {Threatens to win with a7.} Rg1 {[#] Hoping for ...Ra1+.} 52. Ra5 $2 ({White has to play} 52. Kb4 $1 $18) 52... Ra1+ $2 {[%mdl 8192]} (52... Bd7 $14) 53. Kb4 Rxa5 54. Kxa5 {KB-KP} Bc8 55. Kb6 {White wants to mate with a7.} Bxa6 56. Kxa6 {c5 would kill now. KP-KP} g5 57. c5 h4 58. gxh4 gxh4 59. c6 {Threatening mate with c7.} h3 60. c7 h2 61. c8=Q {Intending Qh8+ and mate.} (61. c8=R $2 {perishes.} h1=Q 62. b4 Qa1+ 63. Kb5 Qd4 64. Rc6+ Ke5 $19) 61... h1=Q {Prevents Qh8+.} 62. Qc6+ Ke5 63. f4+ {Quite a comeback for White.   Weighted Error Value: White=0.47/Black=0.37} 1-0